000 00384 a2200169 4500
001 73923
020 _a
040 _cAnchieta - Colégio São Paulo
100 _aBuscato, Lenira
240 1 0 _aComo usar um dicionário
_lpor
245 1 0 _aComo usar um dicionário
300 _a61
362 0 _a1999
440 1 _aÁtica
650 4 _aObras enciclopédicas gerais
942 _cBK
999 _c73923
_d73923